Software specification methods : an overview using a case study

Αποθηκεύτηκε σε:
Λεπτομέρειες βιβλιογραφικής εγγραφής
Άλλοι συγγραφείς: Frappier, Marc 1965- (Επιμελητής έκδοσης), Habrias, Henri (Επιμελητής έκδοσης)
Μορφή: Βιβλίο
Γλώσσα:English
Δημοσίευση: London : Springer, c2001
Σειρά:Formal approaches to computing and information technology
Θέματα:
Ετικέτες: Προσθήκη ετικέτας
Δεν υπάρχουν, Καταχωρήστε ετικέτα πρώτοι!

MARC

LEADER 00000nam a2200000 i 4500
001 1/15896
008 010122s2001 eng d
020 |a 1-85233-353-7 
035 |l 10065581 
040 |a GR-MY-UA  |b gre  |e aacr 
041 0 |a eng 
082 0 |a 004.0151 
245 1 0 |a Software specification methods :  |b an overview using a case study /  |c Marc Frappier and Henri Habrias (Eds.) 
260 |a London :   |b Springer,   |c c2001 
300 |a xxiii, 282 p.;  |c 24 cm. 
490 1 |a Formal approaches to computing and information technology 
504 |a Includes bibliographical references and index 
650 0 0 |a Formal methods (Computer science) 
650 0 0 |a Computer software  |x Specifications. 
700 1 |a Frappier, Marc  |d 1965-  |4 edt 
700 1 |a Habrias, Henri.  |4 edt 
830 0 |a Formal approaches to computing and information technology 
852 |a INST  |b SYROS  |e 20010122  |h 004.0151 SOF  |p 005500001700  |q 005500001700  |t BK  |y 0 
901 |a BIBL5-2001-1 
909 |a Ε  |b 084398 
922 |a 5ΕΛΗ  |b 200012  |c ΓΡΑΦΙΚΩΝ ΤΕΧΝΩΝ  |d ΜΙΧΑΛΟΠΟΥΛΟΣ 
950 |a 183-2000-12-08 
970 |a ΚΟΝΤΟΥ  |b ΠΑΡΑΣΚΕΥΗ  |z 2001/02/19